| 000 | 00547nam a2200169Ia 4500 | ||
|---|---|---|---|
| 005 | 20250424120318.0 | ||
| 008 | 250424s9999 xx 000 0 und d | ||
| 022 | _a08961549 | ||
| 050 | _aRE 1 .O49/ | ||
| 245 | 0 | _aOphthalmology clinics of north america | |
| 260 | _a Philadelphia | ||
| 260 | _b PA : W.B. Saunders Company | ||
| 260 | _c1988 | ||
| 300 | _aix, 515-654 p. : ill. ports. ; 24 cm. | ||
| 650 | _a Ophthalmology--Periodicals. Eye Diseases--Periodicals. Ophthalmology--Periodicals. Vision Disorders--Periodicals. | ||
| 942 | _cSR | ||
| 999 |
_c38594 _d38594 |
||